|
|
|
|
| LEADER |
00000nam a2200000 a 4500 |
| 001 |
vtls008392986 |
| 003 |
SK-MaSNL |
| 005 |
20260301205044.0 |
| 008 |
251029s1954 xo slo |
| 015 |
|
|
|a SKSNBA19451955-009913
|
| 035 |
|
|
|a SK01SNKBKSFS20010085203
|
| 035 |
|
|
|a SKM000087666
|
| 040 |
|
|
|a SNK
|b slo
|c SNK
|e AACR2
|
| 041 |
0 |
|
|a slo
|
| 044 |
|
|
|a xo
|c SK
|
| 080 |
|
|
|a 377(075)
|2 1981
|
| 080 |
|
|
|a 634(075)
|2 1981
|
| 080 |
|
|
|a 635(075)
|2 1981
|
| 100 |
1 |
|
|a Průcha, Jozef
|4 aut
|9 590610
|
| 245 |
1 |
0 |
|a Vinohradníctvo ; Záhradníctvo
|n 2. časť
|b (učebný text pre poľnohospodárske technické školy, pestovateľský odbor)
|c Jozef Průcha
|
| 260 |
|
|
|a Bratislava
|b Štátne pôdoshospodárske nakladateľstvo
|c 1954
|e Trnava
|f Knižné závody
|
| 300 |
|
|
|a 178 s.
|c V. 8°
|
| 490 |
1 |
|
|a Učebnice
|v zv. 12
|
| 500 |
|
|
|a Ilustrované
|
| 504 |
|
|
|a Literatúra
|
| 563 |
|
|
|a 4.300 výtlač.
|
| 650 |
0 |
7 |
|a vinohradníctvo
|2 SNKPH
|9 1657
|
| 650 |
0 |
7 |
|a záhradníctvo
|2 SNKPH
|9 2729
|
| 655 |
|
7 |
|a učebnice
|2 SNKPH
|9 22521
|
| 830 |
|
0 |
|a Učebnice
|9 268183
|
| 852 |
|
|
|a Slovenská národná knižnica v Martine
|b 10000
|h MS SD 8535/12
|
| 958 |
|
|
|a OND
|
| 958 |
|
|
|a RK
|
| 958 |
|
|
|a TL
|
| 999 |
|
|
|c 908804
|d 910734
|
| 952 |
|
|
|a SNK
|b SNK
|y PREZ
|7 0
|p 17A0366461
|o snkSD 8535/12/2
|0 0
|1 0
|4 0
|d 2002-12-02
|l 0
|r 2025-11-21 00:00:00
|w 2026-02-24
|
| 952 |
|
|
|a SNK
|b SNK
|y VYP
|7 0
|p 17A0397223
|o snkSD 8535/12/2 D1
|i snk3462/54
|0 0
|1 0
|4 0
|d 2003-09-16
|l 0
|r 2005-01-02 00:00:00
|w 2026-02-24
|
| 952 |
|
|
|a SNK
|b SNK
|y VYP
|7 0
|p 17A1149707
|o snkSD 8535/12/2 D2
|i snkI. 3463/54
|0 0
|1 0
|4 0
|d 2016-03-29
|l 0
|r 2026-02-24 07:37:04
|w 2026-02-24
|